Southville International School and Colleges
Your cart is empty.
  • Cart
  • Lists
    Public lists list_1 View all
    Your lists Log in to create your own lists
  • Log in to your account
  • Your cookies
  • Search history
Southville International School and Colleges
  • Advanced search
  • Recent comments
  • Most popular
  • Libraries

Log in to your account

Log in with GOOGLE


If you do not have an external account, but do have a local account, you can still log in:

  1. Home
  2. MARC view: Complete business statistics /
Normal view MARC view ISBD view

Complete business statistics / (Record no. 19228)

[ view plain ]
MARC details
000 -LEADER
fixed length control field 00647nam a2200205 a 4500
005 - DATE AND TIME OF LATEST TRANSACTION
control field 20140310183134.0
008 - FIXED-LENGTH DATA ELEMENTS--GENERAL INFORMATION
fixed length control field 030923s19uu xx 00 eng d
020 ## - INTERNATIONAL STANDARD BOOK NUMBER
International Standard Book Number 0071122907
050 ## - LIBRARY OF CONGRESS CALL NUMBER
Classification number HF 1017
Item number .Ac26 2002
100 ## - MAIN ENTRY--PERSONAL NAME
Personal name Aczel, Amir D.
245 ## - TITLE STATEMENT
Title Complete business statistics /
Statement of responsibility, etc Amir D. Aczel.
250 ## - EDITION STATEMENT
Edition statement 5th ed.
260 ## - PUBLICATION, DISTRIBUTION, ETC. (IMPRINT)
Place of publication, distribution, etc Boston :
Name of publisher, distributor, etc McGraw Hill,
Date of publication, distribution, etc 2002.
300 ## - PHYSICAL DESCRIPTION
Extent xxix, 877p. :
Other physical details col. ill. ;
Dimensions 25 cm.
500 ## - GENERAL NOTE
General note Includes Index w/ CD-ROM
650 ## - SUBJECT ADDED ENTRY--TOPICAL TERM
Topical term or geographic name as entry element Commercial statistics
650 ## - SUBJECT ADDED ENTRY--TOPICAL TERM
Topical term or geographic name as entry element Statistics
942 ## - ADDED ENTRY ELEMENTS (KOHA)
Koha item type Books
Source of classification or shelving scheme Library of Congress Classification
Call number prefix Foreign
Holdings
Withdrawn status Lost status Source of classification or shelving scheme Damaged status Home library Current library Shelving location Date acquired Source of acquisition Cost, normal purchase price Total Checkouts Full call number Barcode Date last seen Copy number Price effective from Koha item type
    Library of Congress Classification   College Library College Library General Circulation Section 09/23/2003   2204.00   HF 1017 .Ac26 2002 C4089 05/15/2018 1 10/10/2013 Books

Complete business statistics /

APA

Aczel A. D., . (2002). Complete business statistics. Boston: McGraw Hill.

Chicago

Aczel Amir D, . 2002. Complete business statistics. Boston: McGraw Hill.

Harvard

Aczel A. D., . (2002). Complete business statistics. Boston: McGraw Hill.

MLA

Aczel Amir D, . Complete business statistics. Boston: McGraw Hill. 2002.

  • Place hold
  • Print
  • Cite
  • Add to your cart (remove)
  • Save record
    BIBTEX Dublin Core MARCXML MARC (non-Unicode/MARC-8) MARC (Unicode/UTF-8) MARC (Unicode/UTF-8, Standard) MODS (XML) RIS
  • More searches
    Search for this title in:
    Other Libraries (WorldCat) Other Databases (Google Scholar) Online Stores (Bookfinder.com) Open Library (openlibrary.org)

Exporting to Dublin Core...

SOUTHVILLE LIBRARY

Southville International School and Colleges Library

1281 Tropical Ave. Cor. Luxembourg St., BF Homes International, Las Pinas City

Tel. No. 8256374 / 252358 Loc. 117/146

Powered by Koha